What is waste? (Record no. 74359)
[ view plain ]
| 000 -LEADER | |
|---|---|
| fixed length control field | 01192cab a2200253 4500 |
| 001 - CONTROL NUMBER | |
| control field | ABS67782 |
| 008 - FIXED-LENGTH DATA ELEMENTS--GENERAL INFORMATION | |
| fixed length control field | 040407n2004 000 0 eng u |
| 035 ## - SYSTEM CONTROL NUMBER | |
| System control number | (Sirsi) u125783 |
| 100 ## - MAIN ENTRY--PERSONAL NAME | |
| Personal name | O'Keefe, J. |
| 245 ## - TITLE STATEMENT | |
| Title | What is waste? |
| 260 ## - PUBLICATION, DISTRIBUTION, ETC. | |
| Date of publication, distribution, etc. | 2004 |
| 490 ## - SERIES STATEMENT | |
| Series statement | Wastes Management |
| Volume/sequential designation | March 2004 42(1) |
| 520 ## - SUMMARY, ETC. | |
| Summary, etc. | Discusses two cases from the European Court of Justice which have made significant contributions to waste law. "Walle" (C-1/03) raised the issue of whether contaminated land is waste once that land could no longer be used for its intended purpose. "Saetti and Frediani" (C-235/02) considered whether an industrial by-product could escape the definition of waste. View the "Saetti and Frediani" decision at www.eur-lex.europa.eu. |
| 590 ## - LOCAL NOTE (RLIN) | |
| Local note | ABS |
| 650 ## - SUBJECT ADDED ENTRY--TOPICAL TERM | |
| Topical term or geographic name entry element | CONTAMINATED LAND |
| 650 ## - SUBJECT ADDED ENTRY--TOPICAL TERM | |
| Topical term or geographic name entry element | WASTE PRODUCT |
| 650 ## - SUBJECT ADDED ENTRY--TOPICAL TERM | |
| Topical term or geographic name entry element | INDUSTRIAL WASTE |
| 650 ## - SUBJECT ADDED ENTRY--TOPICAL TERM | |
| Topical term or geographic name entry element | WALLE CASE |
| 650 ## - SUBJECT ADDED ENTRY--TOPICAL TERM | |
| Topical term or geographic name entry element | SAETTI AND FREDIANA CASE |
| 690 ## - LOCAL SUBJECT ADDED ENTRY--TOPICAL TERM (OCLC, RLIN) | |
| Topical term or geographic name as entry element | WASTE MANAGEMENT-CASE LAW |
| 700 ## - ADDED ENTRY--PERSONAL NAME | |
| Personal name | Boileau, S. |
| 856 ## - ELECTRONIC LOCATION AND ACCESS | |
| Uniform Resource Identifier | <a href="https://eur-lex.europa.eu/LexUriServ/LexUriServ.do?uri=CELEX:62002O0235:EN:HTML">https://eur-lex.europa.eu/LexUriServ/LexUriServ.do?uri=CELEX:62002O0235:EN:HTML</a> |
| Public note | View the "Saetii and Frediani" decision on the European Court of Justice website... |
| 942 ## - ADDED ENTRY ELEMENTS (KOHA) | |
| Suppress in OPAC | 0 |
| Withdrawn status | Lost status | Source of classification or shelving scheme | Damaged status | Not for loan | Home library | Current library | Shelving location | Date acquired | Total Checkouts | Full call number | Barcode | Date last seen | Copy number | Price effective from | Koha item type |
|---|---|---|---|---|---|---|---|---|---|---|---|---|---|---|---|
| Dewey Decimal Classification | London | London | Journal article | 07/04/2004 | ABS67782 | 125783-1001 | 06/08/2019 | 1 | 06/08/2019 | Journal article |